Matematičeskij i statističeskij analiz funkcii potreblenija
Guardado en:
| Autor principal: | |
|---|---|
| Otros Autores: | , |
| Formato: | Libro |
| Lenguaje: | ruso |
| Publicado: |
Novosibirsk
Nauka
1986
|
| Edición: | 1. izd. |
| Etiquetas: |
Sin Etiquetas, Sea el primero en etiquetar este registro!
|
MARC
| LEADER | 00000nam a2200000 4500 | ||
|---|---|---|---|
| 001 | c024129 | ||
| 005 | 20221220071948.6 | ||
| 041 | 0 | |a rus | |
| 044 | |a RU | ||
| 245 | 1 | 0 | |a Matematičeskij i statističeskij analiz funkcii potreblenija |c Konstantin Kurtovič Val'tuch, Nikolaj Pavlovič Dement'jev, Iosif Aleksandrovič Ickovič |
| 250 | |a 1. izd. | ||
| 264 | 1 | |a Novosibirsk |b Nauka |c 1986 | |
| 300 | |a 165 s. | ||
| 100 | 1 | |a Val'tuch, Konstantin Kurtovič | |
| 700 | 1 | |a Dement'jev, Nikolaj Pavlovič | |
| 700 | 1 | |a Ickovič, Iosif Aleksandrovič | |